000 01220nac a22003377a 4500
001 BR8205082
003 BR-BrBNA
005 20240105115459.0
008 230509b bl.|||m| |||| 00| 0 por d
040 _aBR-BrBNA
_bpor
_cBiblioteca Nacional de Agricultura
072 _aF00; H10
090 _a0230 BR8205082
100 1 _aCosta, E. de A.
100 1 _aMelo, I.S. de
100 1 _aOliveira, C.G. de
100 1 _aViveiros, A.J. de A.
110 1 _aPrograma Nacional de Melhoramento da Cana-de-Acucar, Rio Largo, AL (Brasil). Coordenadoria Regional Nordeste
_98037
245 1 _aTratos culturas da cana-planta; Tratos culturais da cana-soca; O amadurecimento da cana-de-acucar; Coleta manual de broca gigante [Saccharum officinarum]
260 3 _aRio Largo, AL (Brasil):
_c1982.
300 _a16 p.
490 _aBoletim ao Produtor - Programa Nacional de Melhoramento da Cana-de-Acucar. Coordenadoria Regional Nordeste (Brazil)
_vno. 3
_x
650 _aCANA DE ACUCAR
650 _aSOCA
650 _aBROCA
650 _aCAPINA
650 _aHERBICIDA
650 _aCONTROLE QUIMICO
650 _aCONTROLE BIOLOGICO
909 _a202312
_bLúcia Elande
_c55
_dLúcia Elande
942 _2AGRIS
_n0
_cMS
999 _c275011
_d275011